Neuroscience : a mathematical primer /

This title gives the reader a qualitative understanding and working knowledge of useful mathematical applications to the field of neuroscience. It should be of interest to anyone who wishes to know what roles mathematics can play in attempting to comprehend the dynamics of a human brain.

Bibliographic Details
Main Author: Scott, Alwyn, 1931-
Corporate Author: SpringerLink (Online service)
Format: eBook
Language:English
Published: New York : Springer, [2002]
Subjects:
Online Access:Connect to the full text of this electronic book
Connect to the full text of this electronic book

MARC

Tag First Indicator Second Indicator Subfields
LEADER 00000cam a2200000Ia 4500
001 in00001847821
005 20220105141232.0
006 m o d
007 cr cn|||||||||
008 031008s2002 nyua obs 001 0 eng d
019 |a 55050943  |a 71365286  |a 228042425  |a 228372648  |a 234538621  |a 456044338  |a 471214092  |a 551392183  |a 559481256  |a 647290147  |a 722205451  |a 793527800 
020 |a 0387224637  |q (electronic bk.) 
020 |a 9780387224633  |q (electronic bk.) 
020 |a 0585472742  |q (electronic bk.) 
020 |a 9780585472744  |q (electronic bk.) 
020 |z 9780387954035 
020 |z 0387954031 
020 |z 9780387954028 
020 |z 0387954023 
035 |a (OCoLC)ocm53164970 
035 |a (OCoLC)53164970  |z (OCoLC)55050943  |z (OCoLC)71365286  |z (OCoLC)228042425  |z (OCoLC)228372648  |z (OCoLC)234538621  |z (OCoLC)456044338  |z (OCoLC)471214092  |z (OCoLC)551392183  |z (OCoLC)559481256  |z (OCoLC)647290147  |z (OCoLC)722205451  |z (OCoLC)793527800 
037 |a EBL219303  |b eBook Library  |n http://www.eblib.com 
040 |a N$T  |b eng  |e pn  |c N$T  |d OCLCQ  |d OCL  |d OCLCG  |d OCLCQ  |d QE2  |d IDEBK  |d MERUC  |d CCO  |d E7B  |d EBLCP  |d UV0  |d UAB  |d YNG  |d DKDLA  |d OKU  |d MHW  |d OCLCQ  |d GW5XE  |d OCLCQ  |d NLGGC  |d OCLCQ  |d UtOrBLW 
049 |a TXAM 
050 4 |a QP357.5  |b .S36 2002eb 
060 4 |a 2003 A-274 
060 4 |a WL 16  |b S425n 2002 
072 7 |a SOC  |x 002020  |2 bisacsh 
082 0 4 |a 573.8/1  |2 22 
100 1 |a Scott, Alwyn,  |d 1931-  |0 http://id.loc.gov/authorities/names/n50004006 
245 1 0 |a Neuroscience :  |b a mathematical primer /  |c Alwyn Scott. 
264 1 |a New York :  |b Springer,  |c [2002] 
264 4 |c ©2002 
300 |a 1 online resource (xx, 352 pages) :  |b illustrations 
336 |a text  |b txt  |2 rdacontent 
337 |a computer  |b c  |2 rdamedia 
338 |a online resource  |b cr  |2 rdacarrier 
504 |a Includes bibliographical references and index. 
505 0 |a Cover -- Preface -- Acknowledgments -- Table of Contents -- List of Figures -- 1. A Short History of Neuroscience -- 2. Structure of a Neuron -- 3. Nerve Membranes -- 4. The Hodgkin-Huxley (H-H) Axon -- 5. Leading-Edge Models -- 6. Recovery Models -- 7. Myelinated Nerves -- 8. Ephaptic Interactions Among Axons -- 9. Neural Modeling -- 10. Constructive Brain Theories -- 11. Neuronal Assemblies -- 12. The Hierarchical Nature of Brain Dynamics -- Appendix A -- Conservation Laws and Conservative Systems -- Appendix B -- Hodgkin-Huxley Dynamics -- Appendix C -- Fredholm's Theorem -- Appendix D -- Stability of Axonal Impulses -- Appendix E -- Perturbation Theory for the F-N Impulse -- Appendix F -- Perturbation Analyses of Ephaptic Interactions. 
520 |a This title gives the reader a qualitative understanding and working knowledge of useful mathematical applications to the field of neuroscience. It should be of interest to anyone who wishes to know what roles mathematics can play in attempting to comprehend the dynamics of a human brain. 
588 0 |a Print version record. 
500 |a Electronic resource. 
650 0 |a Neurosciences  |x Mathematical models. 
650 2 |a Neurosciences  |x statistics & numerical data.  |0 https://id.nlm.nih.gov/mesh/D009488Q000706 
650 2 |a Brain  |x cytology.  |0 https://id.nlm.nih.gov/mesh/D001921Q000166 
650 2 |a Models, Statistical.  |0 https://id.nlm.nih.gov/mesh/D015233 
650 7 |a SOCIAL SCIENCE  |x Anthropology  |x Physical.  |2 bisacsh 
655 7 |a Electronic books.  |2 local 
710 2 |a SpringerLink (Online service)  |0 http://id.loc.gov/authorities/names/no2005046756 
776 1 8 |i Print version:  |a Scott, Alwyn, 1931-  |t Neuroscience.  |d New York : Springer, ©2002  |z 0387954031  |z 0387954023  |w (DLC) 2001058975  |w (OCoLC)48544530 
856 4 0 |u https://proxy.library.tamu.edu/login?url=http://link.springer.com/10.1007/b98897  |z Connect to the full text of this electronic book  |t 0 
856 4 1 |u https://proxy.library.tamu.edu/login?url=http://www.netLibrary.com/urlapi.asp?action=summary&v=1&bookid=98904  |z Connect to the full text of this electronic book  |t 0 
994 |a 92  |b TXA 
999 |a MARS 
999 f f |s 5bbc8d7f-d674-3a7a-9174-2faefce158e6  |i 2e2ae94d-11b4-33f1-88b9-56a45f4c28a3  |t 0 
952 f f |a Texas A&M University  |b College Station  |c Electronic Resources  |d Available Online  |t 0  |e QP357.5 .S36 2002eb  |h Library of Congress classification 
998 f f |a QP357.5 .S36 2002eb  |t 0  |l Available Online